000 00409nam a2200169Ia 4500
008 141014s9999||||xx |||||||||||||| ||und||
010 _a15740
020 _a978-9978-17-173-8
082 _a345.E.18
100 _aEchanique Cueva, Hector Mesias
245 _aLa Mediacion
250 _aS/E
260 _aJuridica del Ecuador Quito
_c2008
300 _a134 p
_c21 cm
650 _aDerecho
942 _cBK
999 _c15890
_d15890